| 000 | 00823nam a2200217Ii 4500 | ||
|---|---|---|---|
| 003 | JO-AjNU | ||
| 008 | 230605s9999||||xx |||||||||||||| ||und|| | ||
| 017 | _a1992/9/634 | ||
| 040 |
_aJO-AjNU _bara _erda _cJO-AjNU |
||
| 041 | _aara | ||
| 050 | 1 | 4 | _aPJ6106.A4222 1986 |
| 100 | 3 |
_aتاليف عمايرة، اسماعيل أحمد, _eauthor _935330 |
|
| 245 | 0 | 0 | _aظاهرة التأنيث بين اللغة العربية واللغات السامية دراسة لغوية تأصيلية |
| 250 | _aط1 | ||
| 264 | 3 | 1 | _aعمان: مركز الكتاب العلمي،1986 |
| 300 | _a72ص | ||
| 336 |
_atext _btxt _2rdacontent |
||
| 337 |
_aunmediated _bn _2rdamedia |
||
| 338 |
_avolume _bnc _2rdacarrier |
||
| 650 | 4 |
_aقواعد اللغة العربية-اللغة العربية-اللغات السامية _935331 |
|
| 999 |
_aA14575 _c18143 _d18143 |
||